Normal view
MARC view
- Minkovskiĭ, V. L.
Entry Personal Name
001 - CONTROL NUMBER
- control field: 125751
003 - CONTROL NUMBER IDENTIFIER
- control field: NUST
005 - DATE AND TIME OF LATEST TRANSACTION
- control field: 20240910115509.0
008 - FIXED-LENGTH DATA ELEMENTS
- fixed length control field: 240910|| aca||aabn | a|a d
040 ## - CATALOGING SOURCE
- Original cataloging agency: NUST
- Transcribing agency: NUST
100 ## - HEADING--PERSONAL NAME
- Personal name: Minkovskiĭ, V. L.
- Fuller form of name: (Vladimir Lʹvovich)
670 ## - SOURCE DATA FOUND
- Source citation: Work cat.: (NUST)0: Bradis, V. M. (Vladimir Modestovich), 1890- 125749, Lapses in mathematical reasoning /, 1999.
